| 000 | 00761nam a2200277Ia 4500 | ||
|---|---|---|---|
| 001 | Para_6561 | ||
| 003 | CHAP | ||
| 008 | 220125s1999 xx 000 0 und d | ||
| 010 | _a205438 | ||
| 040 | _cCHAP | ||
| 090 | _aPA FOLLETO 564 | ||
| 110 |
_aHoechst _9170820 |
||
| 245 |
_aNata : _b herbicida para la extemrinación de las gramíneas anuales y perennes / _c por Hoechst |
||
| 260 |
_as.l. : _b s.n. |
||
| 300 | _a15 p. | ||
| 650 |
_aGramineas _x Malas hierbas _9171463 |
||
| 650 |
_aHerbicidas _953691 |
||
| 650 |
_aMalas hierbas _x control _970011 |
||
| 901 | _aPA FOLLETO 564 | ||
| 902 | _aA | ||
| 905 | _a00000019-- 0000000000 00 | ||
| 910 | _a19-- | ||
| 942 | _cPARA | ||
| 942 |
_cPARA _d1 |
||
| 999 |
_c205438 _d205438 |
||